Harvesting of textile animal fibres /

Bibliographic Details
Main Author: Petrie, O. J.
Corporate Author: Food and Agriculture Organization of the United Nations
Format: Book
Language:English
Published: Rome : Food and Agriculture Organization of the United Nations, 1995.
Series:FAO agricultural services bulletin ; 122.
Subjects:

MARC

Tag First Indicator Second Indicator Subfields
LEADER 00000cam a2200000 a 4500
001 in00001294271
005 20151004094950.0
008 960422s1995 it a b i000 0 eng d
020 |a 9251037590 
035 |a (OCoLC)34608685 
035 |9 AGZ9975AM 
040 |a VPI  |c VPI  |d UMC  |d AGL  |d UtOrBLW 
049 |a TXAM 
070 0 |a S1.A323  |b no.122 
072 0 |a L100 
090 |a TS1545  |b .P48 1995 
100 1 |a Petrie, O. J. 
245 1 0 |a Harvesting of textile animal fibres /  |c by O.J. Petrie. 
264 1 |a Rome :  |b Food and Agriculture Organization of the United Nations,  |c 1995. 
300 |a x, 101 pages :  |b illustrations ;  |c 30 cm. 
336 |a text  |b txt  |2 rdacontent 
337 |a unmediated  |b n  |2 rdamedia 
338 |a volume  |b nc  |2 rdacarrier 
490 1 |a FAO agricultural services bulletin ;  |v 122 
504 |a Includes bibliographical references (page 101). 
500 |a "M-25"--Title page verso. 
650 0 |a Animal fibers. 
710 2 |a Food and Agriculture Organization of the United Nations. 
830 0 |a FAO agricultural services bulletin ;  |v 122. 
999 |a MARS 
999 f f |s ba1cb8de-bb6e-3ed6-987d-774c19f17b3a  |i 50c26b50-b3f1-3f4f-8b24-b081214e6623  |t 0 
952 f f |p ric  |a Texas A&M University  |b Rellis Campus  |c Joint Library Facility  |d Remote Storage  |t 0  |e TS1545 .P48 1995  |h Library of Congress classification  |i unmediated -- volume  |m A14820298581 
998 f f |a TS1545 .P48 1995  |t 0  |l Remote Storage